LEADER 00948nam0-22002891i-450- 001 990004187840403321 005 20010117 010 $a0-8018-1985-7 035 $a000418784 035 $aFED01000418784 035 $a(Aleph)000418784FED01 035 $a000418784 100 $a20010117d1978----km-y0itay50------ba 101 0 $aeng 105 $ay-------001yy 200 1 $aShakespeare and the popular tradition in the theater$estudies in the social dimension of dramatic form and function$fRobert Weimann$gedited by Robert Schwartz 210 $aBaltimore and London$cThe John Hopkins University press$d1978 215 $aXXII, 325 p.$d24 cm 700 1$aWeimann,$bRobert$0163891 702 1$aSchwartz,$bRobert 801 0$aIT$bUNINA$gRICA$2UNIMARC 901 $aBK 912 $a990004187840403321 952 $aP.3 BR.C.1278$fFLFBC 959 $aFLFBC 996 $aShakespeare and the Popular Tradition in the Theater$927177 997 $aUNINA LEADER 01350nam0-2200409li-450 001 990000258030203316 005 20180312154741.0 010 $a88-256-0151-4 035 $a0025803 035 $aUSA010025803 035 $a(ALEPH)000025803USA01 035 $a0025803 100 $a20001109d1990----km-y0itay0103----ba 101 0 $aita 102 $aIT 200 1 $aLinguaggio assembly per PC IBM$fPeter Norton, John Socha 205 $a2nd ed 210 $aMilano$cJackson Libri$dcopyr. 1990 215 $aXV, 390 p.$cill.$d24 cm$efloppydisk 300 $aprecedentemente pubbl. come: peternorton's assembly language book for pc and xt : brady book, 1989. 610 1 $aibm (microelaboratore)$aprogrammazione 610 1 $alinguaggio assembler 676 $a005133$9Specifici linguaggi di programmazione 700 1$aNorton,$bPeter$021193 702 1$aSocha,$bJohn 801 $aSistema bibliotecario di Ateneo dell' Università di Salerno$gRICA 912 $a990000258030203316 951 $a005.133 NOR$b0015960$c005.133$d00101938 959 $aBK 969 $aSCI 979 $c19940414 979 $c20001110$lUSA01$h1715 979 $aALANDI$b90$c20010321$lUSA01$h1211 979 $c20020403$lUSA01$h1634 979 $aPATRY$b90$c20040406$lUSA01$h1618 996 $aLinguaggio assembly per PC IBM$91492397 997 $aUNISA LEADER 02268nam1 22005053i 450 001 MIL0075943 005 20251003044222.0 100 $a19911203d1980 ||||0itac50 ba 101 | $aita 102 $ait 181 1$6z01$ai $bxxxe 182 1$6z01$an 200 1 $aCommento al decreto 616$e(D.P.R. 24 luglio 1977 n. 616)$fcoordinato da Enzo Capaccioli, Filippo Satta 210 $aMilano$cA. Giuffrè$d1980 215 $a2 v.$d23 cm. 225 | $aLeggi commentate$v21 410 0$1001CFI0014841$12001 $aLeggi commentate$v21 463 1$1001MIL0075949$12000 $a1$v1 463 1$1001MIL0075952$12000 $a2$v2 463 1$1001UFI0013153$12000 $a1$fcoordinato da Enzo Capaccioli, Filippo Satta$v1 463 1$1001UFI0013157$12000 $a2$fcoordinato da Enzo Capaccioli, Filippo Satta$v2 606 $aRegione$xFunzioni amministrative$xLegislazione$2FIR$3SBLC143014$9I 606 $aComuni$xFunzioni amministrative$xLegislazione$2FIR$3SBLC143016$9I 676 $a342$9DIRITTO COSTITUZIONALE E DIRITTO AMMINISTRATIVO$v14 676 $a342.09$9GOVERNO LOCALE$v20 676 $a342.0902638$9$v20 676 $a342.45042$9DIRITTO COSTITUZIONALE. LIVELLI DELLO STATO. ITALIA$v21 696 $aMunicipi$aComuni $aComune 699 $aComuni$yMunicipi 699 $aComuni$zComuni 699 $aComuni$zComune 700 1$aCapaccioli$b, Enzo$3CFIV083071 700 1$aCapaccioli$b, Enzo$3CFIV083071$4070 701 1$aSatta$b, Filippo$3CFIV013630$036295 701 1$aSatta$b, Filippo$3CFIV013630$4070$036295 801 3$aIT$bIT-000000$c19911203 850 $aIT-BN0095 $aIT-NA0070 901 $bNAP 01$cD $n$ 901 $bNAP 01$cPOZZO LIB.$nVi sono collocati fondi di economia, periodici di ingegneria e scienze, periodici di economia e statistica e altri fondi comprendenti documenti di economia pervenuti in dono. 901 $bNAP BU$cCONS. $nConsultazione. 912 $aMIL0075943 950 1$aBiblioteca Centralizzata di Ateneo$c1 v.$d 01D (AR) 8 528$c1 v.$d 01D (AR) 8 529$cv. 1-2$d 01POZZO LIB.ECON MON 9212 977 $a 01$a BU 996 $aCommento al decreto 616$94401943 997 $aUNISANNIO